Papes depuis le XIX siècle - Statistiques

Statistiques générales
  • Ce quiz a été pris 40 fois
  • Le résultat moyen est 16 sur 17
Statistiques - réponses
Année Pape # % Correct
1823 Léon XII
100%
1878 Léon XIII
100%
2025 Léon XIV
100%
2013 François -
97%
1958 Jean XXIII
97%
1978 Jean-Paul -
94%
1978 Jean-Paul II
94%
1963 Paul VI
94%
1800 Pie VII
94%
1829 Pie VIII
94%
1846 Pie IX
94%
1903 Pie X
94%
1922 Pie XI
94%
1939 Pie XII
94%
1914 Benoît XV
91%
2005 Benoît XVI
91%
1831 Grégoire XVI
60%
Aucun quiz correspondant
Distribution des résultats
% des personnes avec chaque résultat
Percentile par nombre de réponses
Votre historique - résultats
Vous n’avez pas pris ce quiz